[Event "SuperUnited Rapid 2023"]
[Site "Zagreb CRO"]
[Date "2023.07.05"]
[Round "2.3"]
[White "Carlsen, Magnus"]
[Black "Saric, Ivan"]
[Result "1/2-1/2"]
[WhiteTitle "GM"]
[BlackTitle "GM"]
[WhiteElo "2835"]
[BlackElo "2657"]
[WhiteFideId "1503014"]
[BlackFideId "14508150"]
[EventDate "2023.07.05"]

1. c4 g6 2. g3 Bg7 3. Bg2 c5 4. Nc3 Nc6 5. d3 d6 6. Qd2 e5 7. b3 Nge7 8. Bb2 O-O
9. e3 Rb8 10. Nge2 a6 11. O-O b5 12. f4 f5 13. Nd5 Bb7 14. Rae1 Nxd5 15. cxd5
Nb4 16. e4 Nxa2 17. fxe5 dxe5 18. Nf4 exf4 19. Bxg7 Kxg7 20. Qxa2 fxg3 21. hxg3
Qg5 22. Qb2+ Kg8 23. Qe5 Rbe8 24. Qc7 Rf7 25. Qf4 Qd8 26. g4 Ref8 27. gxf5 gxf5
28. Re3 Rg7 29. Rg3 Rf7 30. Rff3 Bc8 31. d6 Be6 32. e5 a5 33. d4 cxd4 34. Qxd4
h5 35. Kh2 h4 36. Rxg7+ Rxg7 37. Rf4 Qg5 38. Qf2 a4 39. bxa4 bxa4 40. Bh3 a3 41.
Bxf5 Qg3+ 42. Qxg3 hxg3+ 43. Kg2 Bd5+ 44. Be4 Be6 45. Bf5 Bd5+ 46. Kg1 a2 47.
Rf1 g2 48. Ra1 Kf7 49. e6+ Bxe6 50. d7 Rg8 51. Bxe6+ Kxe6 52. Rxa2 Kxd7 53. Rxg2
Rxg2+ 54. Kxg2 1/2-1/2

[Event "SuperUnited Rapid 2023"]
[Site "Zagreb CRO"]
[Date "2023.07.05"]
[Round "3.3"]
[White "Rapport, Richard"]
[Black "Duda, Jan-Krzysztof"]
[Result "1-0"]
[WhiteTitle "GM"]
[BlackTitle "GM"]
[WhiteElo "2752"]
[BlackElo "2732"]
[WhiteFideId "738590"]
[BlackFideId "1170546"]
[EventDate "2023.07.05"]

1. e4 c5 2. Nf3 d6 3. Bb5+ Nd7 4. a4 Nf6 5. Nc3 g6 6. a5 Bg7 7. O-O a6 8. Be2
O-O 9. d3 b5 10. axb6 Bb7 11. Qd2 a5 12. Qf4 Qxb6 13. Qh4 Rfb8 14. Ra2 Bc6 15.
Bf4 Qc7 16. Rfa1 a4 17. Nd2 Nb6 18. Bh6 Bh8 19. f4 e6 20. Kh1 Nbd7 21. Nd1 Ra7
22. Bf3 Rab7 23. Bg5 Bg7 24. f5 exf5 25. exf5 Rb4 26. Qg3 Ne5 27. Be2 Qd7 28. c3
R4b6 29. d4 cxd4 30. cxd4 Rb3 31. Nc3 Qxf5 32. dxe5 Ne4 33. Ndxe4 Bxe4 34. Rf1
Qe6 35. Rxa4 Bxe5 36. Qf2 Bc6 37. Bc4 Rxb2 38. Bxe6 Rxf2 39. Rxf2 Bxa4 40. Rxf7
Kh8 41. Bd2 Rb2 42. Bh6 Rb8 43. Ne2 Bb5 44. Ng1 Bc6 45. h4 Be4 46. Rc7 d5 47.
Rd7 d4 48. Bd5 Bf5 49. Re7 Bf6 50. Rf7 Be5 51. g3 d3 52. Nf3 Rb1+ 53. Kg2 Rb2+
54. Kg1 Rb1+ 55. Kg2 Rb2+ 56. Nd2 Rb8 57. Kf3 Re8 58. Nc4 Bc3 59. g4 Bc8 60. Nd6
d2 61. Bxd2 1-0

[Event "SuperUnited Rapid 2023"]
[Site "Zagreb CRO"]
[Date "2023.07.06"]
[Round "5.1"]
[White "Rapport, Richard"]
[Black "Nepomniachtchi, Ian"]
[Result "0-1"]
[WhiteTitle "GM"]
[BlackTitle "GM"]
[WhiteElo "2752"]
[BlackElo "2779"]
[WhiteFideId "738590"]
[BlackFideId "4168119"]
[EventDate "2023.07.05"]

1. e4 c5 2. Nf3 d6 3. Bb5+ Nd7 4. a4 Nf6 5. Nc3 g6 6. a5 Bg7 7. O-O a6 8. Be2
O-O 9. d3 b5 10. axb6 Nxb6 11. h3 a5 12. Be3 Nfd7 13. Qd2 a4 14. Bh6 e5 15. Nh2
Nb8 16. Bxg7 Kxg7 17. f4 Nc6 18. f5 f6 19. fxg6 hxg6 20. Ng4 Bxg4 21. Bxg4 Nd4
22. Ne2 d5 23. Rad1 a3 24. c3 Nxe2+ 25. Qxe2 Na4 26. Be6 axb2 27. Bxd5 Nxc3 28.
Qxb2 Nxd5 29. exd5 Qxd5 30. Qf2 Ra2 31. Qf3 Qxf3 32. Rxf3 Rb8 33. Rc1 Rbb2 34.
Rg3 Rc2 35. Rb1 Rcb2 36. Rc1 Ra5 37. Rf3 Rd2 38. Rb1 f5 39. Rb7+ Kh6 40. Re7 c4
41. dxc4 e4 0-1